00923cam a22002651a 4500001001300000003000400013005001700017008004100034010001700075035001900092040001300111041001300124050002500137245010900162260006500271300006400336490005500400546002600455600001600481700001600497700004500513710004500558830003700603999001700640sa 65004391 DLC20260227112130.0810720s1965 ii acf 010 0 hino  asa 65004391  a(OCoLC)7598944 aDLCcDLC0 ahinaeng00aCT1508.R24bR35 196500aRaghuvīra-śraddhāñjali /csaṃpādaka-maṇḍala, Kākāsāheba Kālelakara ... [et al.]. aNew Delhi :bInternational Academy of Indian Culture,c1965. a30, 478 p., [48] leaves of plates :bill., ports. ;c29 cm.1 aŚata-piṭaka series ;vv. 35 =aŚatapiṭakam aIn Hindi and English.00aRaghu Vira.0 aRaghu Vira.1 aKalelkar, Dattatraya Balakrishna,d1885-2 aInternational Academy of Indian Culture. 0aŚata-piṭaka series ;vv. 35. c63724d63724